[Event "POL-ch U16 Girls"]
[Site "Jastrzebia Gora"]
[Date "2023.??.??"]
[Round "5"]
[White "Kaczmarek, Paulina"]
[Black "Predkiewicz, Paulina"]
[Result "1/2-1/2"]
[WhiteElo "1317"]
[BlackElo "1402"]
[PlyCount "80"]
[EventDate "2023.03.11"]
[EventType "swiss"]
[EventRounds "9"]
[EventCountry "POL"]
[SourceTitle "CBM 213 Extra"]
[Source "ChessBase"]
[SourceDate "2023.05.31"]
[SourceVersion "1"]
[SourceVersionDate "2023.05.31"]
[SourceQuality "1"]

1. e4 e5 2. Nf3 Nc6 3. Bc4 Nf6 4. Ng5 d5 5. exd5 Na5 6. d3 Nxc4 7. dxc4 Bc5 8. Nc3 Bf5 9. Qe2 0-0 10. Nge4 Nxe4 11. Nxe4 Bxe4 12. Qxe4 f5 13. Qe2 Qf6 14. Be3 Bxe3 15. Qxe3 Qa6 16. Qb3 Rae8 17. 0-0-0 Kh8 18. Kb1 e4 19. Rhe1 Qf6 20. c5 Rd8 21. Qb4 b6 22. cxb6 axb6 23. Qc4 Rf7 24. f3 exf3 25. gxf3 Rfd7 26. Qe2 h6 27. Qe5 Qf7 28. c4 Qf8 29. Kc2 Qb4 30. Qc3 Qd6 31. Rd2 Qf4 32. Rde2 Kh7 33. Qd3 Rf7 34. Rd2 Rfd7 35. Qe2 c6 36. Red1 cxd5 37. Rxd5 Rxd5 38. Rxd5 Rxd5 39. cxd5 Qa4+ 40. Kb1 Qd4 1/2-1/2